[Event "Prague op 17th"]
[Site "Prague"]
[Date "2018.01.12"]
[Round "1"]
[White "Lee, Jun Hyeok"]
[Black "De Vent, Rens"]
[Result "1-0"]
[WhiteElo "2305"]
[BlackElo "1974"]
[PlyCount "94"]
[EventDate "2018.01.12"]
[EventType "swiss"]
[EventRounds "9"]
[EventCountry "CZE"]
[SourceTitle "CBM 182 Extra"]
[Source "ChessBase"]
[SourceDate "2018.02.23"]
[SourceVersion "1"]
[SourceVersionDate "2018.02.23"]
[SourceQuality "1"]

1. Nf3 Nf6 2. g3 g6 3. b3 Bg7 4. Bb2 0-0 5. Bg2 d6 6. d4 d5 7. 0-0 a5 8. c4 c6 9. Nc3 Qb6 10. Rc1 Bf5 11. Ba3 Re8 12. Nh4 Be6 13. cxd5 Nxd5 14. Nxd5 cxd5 15. Bc5 Qd8 16. Nf3 Na6 17. Ba3 h6 18. Qd2 Nb4 19. Ne5 Qb6 20. e3 Rac8 21. Bxb4 Qxb4 22. Qxb4 axb4 23. Nd3 Bf5 24. Nxb4 e6 25. Bf3 Bf8 26. a3 Ra8 27. g4 Rxa3 28. Nxd5 exd5 29. gxf5 Rd8 30. fxg6 fxg6 31. Rc3 Bb4 32. Rc7 Rxb3 33. Rxb7 Rb2 34. Rb5 Kg7 35. Rxd5 Rf8 36. Rd7+ Kh8 37. Be4 Rf6 38. Rb7 Bc3 39. Rc1 Rxb7 40. Bxb7 Bb2 41. Rc7 Ba3 42. e4 Rd6 43. Bd5 Bb2 44. Rc8+ Kg7 45. Kf1 g5 46. Ke2 h5 47. h3 Kf6 1-0

[Event "Krakow op-B 28th"]
[Site "Krakow"]
[Date "2018.01.02"]
[Round "7"]
[White "De Vent, Rens"]
[Black "Wojciechowski, Beniamin"]
[Result "1-0"]
[WhiteElo "1961"]
[BlackElo "1886"]
[PlyCount "97"]
[EventDate "2017.12.27"]
[EventType "swiss"]
[EventRounds "9"]
[EventCountry "POL"]
[SourceTitle "CBM 182 Extra"]
[Source "ChessBase"]
[SourceDate "2018.02.23"]
[SourceVersion "1"]
[SourceVersionDate "2018.02.23"]
[SourceQuality "1"]

1. d4 Nf6 2. Bf4 d5 3. e3 c5 4. Nc3 Nc6 5. Nb5 e5 6. Bxe5 Nxe5 7. dxe5 a6 8. exf6 axb5 9. Bxb5+ Bd7 10. Bxd7+ Qxd7 11. Ne2 Ra6 12. Nf4 Rd6 13. 0-0 g6 14. Qf3 Bh6 15. Rad1 Bxf4 16. Qxf4 Qe6 17. c4 Qxf6 18. Qxf6 Rxf6 19. Rxd5 b6 20. Rfd1 0-0 21. g3 Re6 22. Kf1 h5 23. Ke2 f5 24. Rd7 Rf7 25. Rxf7 Kxf7 26. Rd7+ Kf6 27. h4 Ke5 28. Rd5+ Kf6 29. Kd3 Rc6 30. Kc3 Ke6 31. b4 Rc8 32. a3 cxb4+ 33. Kxb4 Ra8 34. a4 Rc8 35. Kb5 Ra8 36. Rd2 Rb8 37. Ka6 Rc8 38. Rd4 Ra8+ 39. Kxb6 Rxa4 40. c5 Ra2 41. c6 Rb2+ 42. Ka7 Rc2 43. Kb7 Rb2+ 44. Kc8 Ke7 45. c7 Rb6 46. e4 Rb5 47. exf5 gxf5 48. Rd7+ Ke8 49. Rh7 1-0

[Event "Krakow op-B 28th"]
[Site "Krakow"]
[Date "2017.12.28"]
[Round "2"]
[White "Kumor, Lukasz"]
[Black "De Vent, Rens"]
[Result "1-0"]
[WhiteElo "2046"]
[BlackElo "1961"]
[PlyCount "57"]
[EventDate "2017.12.27"]
[EventType "swiss"]
[EventRounds "9"]
[EventCountry "POL"]
[SourceTitle "CBM 182 Extra"]
[Source "ChessBase"]
[SourceDate "2018.02.23"]
[SourceVersion "1"]
[SourceVersionDate "2018.02.23"]
[SourceQuality "1"]

1. e4 c5 2. Nf3 g6 3. d4 cxd4 4. Nxd4 Nc6 5. c4 Nf6 6. Nc3 d6 7. Be2 Nxd4 8. Qxd4 Bg7 9. Be3 0-0 10. Qd2 Be6 11. 0-0 Qa5 12. Rac1 Rfc8 13. b3 a6 14. f4 b5 15. f5 Bd7 16. fxg6 hxg6 17. e5 b4 18. Na4 Ne4 19. Qd3 Bxa4 20. Qxe4 Bc6 21. Qf4 Rf8 22. exd6 Be5 23. Qg5 exd6 24. c5 Bb5 25. Bc4 Bxc4 26. Rxc4 Rac8 27. cxd6 Rxc4 28. bxc4 Bd4 29. Qxa5 1-0

[Event "Vaujany op-A 8th"]
[Site "Vaujany"]
[Date "2017.07.13"]
[Round "1.19"]
[White "Alexieva, Silvia"]
[Black "De Vent, Rens"]
[Result "1-0"]
[WhiteElo "2296"]
[BlackElo "1856"]
[PlyCount "85"]
[EventDate "2017.07.13"]
[EventType "swiss"]
[EventRounds "9"]
[EventCountry "FRA"]
[SourceTitle "EXT 2020"]
[Source "ChessBase"]
[SourceDate "2019.10.17"]
[SourceVersion "1"]
[SourceVersionDate "2019.10.17"]
[SourceQuality "1"]

1. c4 g6 2. g3 Bg7 3. Bg2 d6 4. e4 e5 5. Ne2 f5 6. exf5 gxf5 7. d4 Nf6 8. Bg5 c6 9. Nbc3 Qa5 10. 0-0 0-0 11. Qd2 Be6 12. b3 Nbd7 13. Rad1 Bf7 14. f4 e4 15. Nxe4 Qxd2 16. Nxf6+ Nxf6 17. Rxd2 Rfe8 18. Bxf6 Bxf6 19. Bh3 Bh5 20. Nc1 Re4 21. Bxf5 Rxd4 22. Rxd4 Bxd4+ 23. Kg2 Re8 24. g4 Bf7 25. Bd3 d5 26. Ne2 Bc5 27. Ng3 dxc4 28. Bxc4 Bxc4 29. bxc4 Re3 30. Rb1 b6 31. Rb3 Re1 32. Rd3 a5 33. Rd7 Ra1 34. Ne4 Rxa2+ 35. Kg3 a4 36. g5 a3 37. Nf6+ Kf8 38. Nxh7+ Kg8 39. g6 Bf2+ 40. Kg4 Bh4 41. Kxh4 Rf2 42. Nf6+ Kf8 43. Rf7# 1-0